| 000 | 00832nam a2200253Ia 4500 | ||
|---|---|---|---|
| 003 | GCL | ||
| 008 | 140319s9999 xx 000 0 ara d | ||
| 040 |
_aGCL / _cGCL |
||
| 082 | 0 | 4 |
_a320.5 _bف ن |
| 100 | 1 | _aحسين احمد امين | |
| 245 | 1 | 0 |
_aنهاية التاريخ وخاتم البشر / _cحسين احمد امين |
| 700 | 1 | _aفوكوياما، فرانسيس | |
| 250 | _aالاولى | ||
| 260 |
_aالقاهرة : _bمركز الاهرام للترجمة والنشر ، _c1993 |
||
| 300 |
_a379 ص ؛ _c28 سم |
||
| 490 | _a | ||
| 650 | 0 | 4 | _aالديمقراطية |
| 650 | 0 | 4 | _aالليبرالية |
| 650 | 0 | 4 | _aالسياسة - نظريات |
| 650 | 0 | 4 | _aالنظام العالمى الحديث |
| 650 | 0 | 4 | _aالمستقبل |
| 650 | 0 | 4 | _aالاقتصاد - نظريات |
| 942 |
_2ddc _cBK |
||
| 999 |
_c31575 _d31575 |
||